Stadtteile von Düsseldorf mit Karte - Statistiken

Allgemein
  • Dieses Quiz wurde 1.847 mal gespielt
  • Das Durchschnittsergebnis liegt bei 25 aus 50
Antworten auf der Karte
Die Antworten werden auf der Karte rot bzw. grün angezeigt, abhängig davon wie oft sie richtig erraten wurden.
 
Antwortstatistiken
Bezirk Stadtteil % Korrekt
Bezirk 3 Bilk
86%
Bezirk 3 Oberbilk
83%
Bezirk 1 Altstadt
78%
Bezirk 4 Oberkassel
77%
Bezirk 9 Benrath
76%
Bezirk 6 Rath
74%
Bezirk 3 Unterbilk
73%
Bezirk 6 Unterrath
69%
Bezirk 8 Eller
67%
Bezirk 7 Gerresheim
66%
Bezirk 1 Derendorf
65%
Bezirk 5 Kaiserswerth
62%
Bezirk 10 Garath
60%
Bezirk 4 Niederkassel
59%
Bezirk 1 Pempelfort
58%
Bezirk 2 Flingern-Nord
56%
Bezirk 2 Flingern-Süd
56%
Bezirk 9 Wersten
54%
Bezirk 3 Friedrichstadt
53%
Bezirk 3 Hamm
53%
Bezirk 5 Angermund
50%
Bezirk 3 Hafen
49%
Bezirk 4 Lörick
49%
Bezirk 4 Heerdt
48%
Bezirk 7 Grafenberg
45%
Bezirk 5 Stockum
45%
Bezirk 9 Holthausen
44%
Bezirk 9 Reisholz
44%
Bezirk 1 Stadtmitte
44%
Bezirk 9 Urdenbach
43%
Bezirk 1 Carlstadt
42%
Bezirk 1 Golzheim
42%
Bezirk 5 Lohausen
42%
Bezirk 5 Wittlaer
42%
Bezirk 2 Düsseltal
41%
Bezirk 8 Unterbach
41%
Bezirk 10 Hellerhof
39%
Bezirk 9 Himmelgeist
36%
Bezirk 6 Mörsenbroich
36%
Bezirk 8 Vennhausen
36%
Bezirk 3 Flehe
35%
Bezirk 7 Hubbelrath
35%
Bezirk 9 Itter
35%
Bezirk 8 Lierenfeld
35%
Bezirk 9 Hassels
34%
Bezirk 5 Kalkum
34%
Bezirk 3 Volmerswerth
34%
Bezirk 6 Lichtenbroich
31%
Bezirk 7 Ludenberg
26%
Bezirk 7 Knittkuhl
25%
Keine übereinstimmenden Quizze gefunden
Verteilung der Resultate
Anzahl Personen mit jedem Resultat
Perzentil nach korrekt beantworteten Fragen
Ihre Resultats-Entwicklung
Sie haben dieses Quiz noch nicht gespielt